[Event "Pan American-ch Amateur U2000"]
[Site "San Jose"]
[Date "2019.10.23"]
[Round "2.9"]
[White "Avendano Porras, Rodrigo"]
[Black "Ramirez Gonzalez, Jose Alexander"]
[Result "1-0"]
[WhiteElo "1703"]
[BlackElo "1883"]
[PlyCount "65"]
[EventDate "2019.10.23"]
[EventType "swiss"]
[EventRounds "9"]
[EventCountry "CRI"]
[SourceTitle "EXT 2024"]
[Source "ChessBase"]
[SourceDate "2023.10.10"]
[SourceVersion "1"]
[SourceVersionDate "2023.10.10"]
[SourceQuality "1"]

1. e4 c5 2. Nf3 Nc6 3. Bb5 d6 4. Bxc6+ bxc6 5. 0-0 g6 6. Re1 Bg7 7. e5 d5 8. d3 Bg4 9. Nbd2 e6 10. h3 Bxf3 11. Nxf3 Ne7 12. Bg5 Qc7 13. a3 0-0 14. Qd2 Nf5 15. b4 h6 16. Bf6 cxb4 17. axb4 Bxf6 18. exf6 Qd8 19. g4 Nd6 20. Qxh6 Qxf6 21. Ng5 Qg7 22. Qxg7+ Kxg7 23. Ra6 Rfc8 24. Rea1 Nb5 25. c4 dxc4 26. dxc4 Nd6 27. Rxa7 Rxa7 28. Rxa7 Kf6 29. f4 Kg7 30. c5 Nb5 31. Rxf7+ Kh8 32. Re7 Nd4 33. Nxe6 1-0

[Event "Pan American-ch Amateur U2000"]
[Site "San Jose"]
[Date "2019.10.23"]
[Round "1.10"]
[White "Ramirez Gonzalez, Jose Alexander"]
[Black "Rondon Chacon, Yolys Desiree"]
[Result "1/2-1/2"]
[WhiteElo "1883"]
[BlackElo "1715"]
[PlyCount "87"]
[EventDate "2019.10.23"]
[EventType "swiss"]
[EventRounds "9"]
[EventCountry "CRI"]
[SourceTitle "EXT 2024"]
[Source "ChessBase"]
[SourceDate "2023.10.10"]
[SourceVersion "1"]
[SourceVersionDate "2023.10.10"]
[SourceQuality "1"]

1. e4 c6 2. d4 d5 3. e5 Bf5 4. Nf3 e6 5. Be2 Nd7 6. 0-0 c5 7. c4 cxd4 8. cxd5 exd5 9. Nxd4 Be6 10. Bb5 Bc5 11. Nxe6 fxe6 12. Qg4 Qe7 13. Bg5 Qf7 14. Nc3 a6 15. Bxd7+ Qxd7 16. Rad1 Qf7 17. Nxd5 exd5 18. e6 Qg6 19. Rxd5 Nf6 20. Qf3 Be7 21. Bxf6 Qxf6 22. Qe2 0-0 23. Rd7 b5 24. f3 Bc5+ 25. Kh1 Rfe8 26. Qc2 Qxe6 27. Rc7 Bd6 28. Rc6 Rac8 29. Rxc8 Rxc8 30. Qd3 Qe5 31. g3 Re8 32. Rd1 Bc5 33. b4 Bb6 34. a3 Qe3 35. Qd5+ Qe6 36. Qd3 Rd8 37. Qc2 Rxd1+ 38. Qxd1 h6 39. Kg2 Qa2+ 40. Kh3 Qe6+ 41. Kg2 Kh8 42. Qc2 Qe3 43. Qf5 Qe2+ 44. Kh3 1/2-1/2